Marvel Comics Movie Franchises (2026 Updated) - Statistics

General Stats
  • This quiz has been taken 175 times
    52 since last reset
  • The average score is 24 of 30
Answer Stats
# Movies First Latest Character or Team % Correct
4 2011 2025 Captain America
100%
3 2008 2013 Iron Man
100%
12 2002 2027 Spider-Man
100%
4 2011 2022 Thor
100%
7 2000 2019 X-Men
100%
6 2012 2027 Avengers
97%
2 2019 2023 Captain Marvel
95%
2 2003 2008 Incredible Hulk
95%
2 2018 2022 Black Panther
92%
3 2016 2024 Deadpool
92%
2 2016 2022 Doctor Strange
92%
3 2014 2023 Guardians of the Galaxy
92%
4 2009 2024 Wolverine
92%
3 2015 2023 Ant-Man
89%
1 2021 2021 Black Widow
87%
4 2005 2025 Fantastic Four
84%
1 2025 2025 Thunderbolts*
84%
1 2021 2021 Eternals
82%
1 2021 2021 Shang-Chi
82%
1 2003 2003 Daredevil
74%
3 1998 2004 Blade
71%
1 2005 2005 Elektra
63%
3 1989 2008 Punisher
61%
2 2007 2011 Ghost Rider
58%
3 2018 2024 Venom
58%
1 1986 1986 Howard the Duck
50%
1 2022 2022 Morbius
50%
1 2020 2020 The New Mutants
50%
1 2024 2024 Madame Web
47%
1 2024 2024 Kraven the Hunter
45%
No matching quizzes found
Score Distribution
Percent of People with Each Score
Percentile by Number Answered
Your Score History
You have not taken this quiz since the last reset